[Event "USCL Week 6"]
[Site "Internet Chess Club"]
[Date "2014.10.01"]
[Round "?"]
[White "Yanovsky, Vlad"]
[Black "Harris, Ian"]
[Result "1-0"]
[WhiteElo "2165"]
[BlackElo "2308"]
[PlyCount "83"]
[EventDate "2014.??.??"]

1. e4 e5 2. Nf3 Nc6 3. d4 exd4 4. Nxd4 Bc5 5. Nb3 Bb6 6. Nc3 Nf6 7. Bg5 Qe7 8.
Qe2 Qe6 9. O-O-O O-O 10. f3 d6 11. Kb1 Bd7 12. g4 Nxg4 13. fxg4 Qg6 14. Qd2
Bxg4 15. Be2 Bxe2 16. Nxe2 Qxe4 17. Nc3 Qg4 18. Nd5 Ne5 19. Qf4 Qe6 20. Qg3 f6
21. Be3 Rf7 22. Rhg1 Kh8 23. Nf4 Qe7 24. Bxb6 axb6 25. Nd4 Qd7 26. h4 Qa4 27.
a3 Qd7 28. h5 b5 29. Qb3 Ra5 30. Ng6+ Kg8 31. Nf5 hxg6 32. hxg6 Qxf5 33. gxf7+
Nxf7 34. Rdf1 Qd7 35. Rxf6 Ra8 36. Rfg6 Re8 37. Rxg7+ Kf8 38. Rg8+ Ke7 39. Re1+
Ne5 40. Rg7+ Kd8 41. Rxd7+ Kxd7 42. Qxb5+ 1-0

[Event "USCL Week 6"]
[Site "Internet Chess Club"]
[Date "2014.10.01"]
[Round "?"]
[White "Tanenbaum, Zachary"]
[Black "Salisbury, John"]
[Result "0-1"]
[WhiteElo "2208"]
[BlackElo "1998"]
[PlyCount "110"]
[EventDate "2014.??.??"]

1. e4 c5 2. Nf3 Nc6 3. d4 cxd4 4. Nxd4 Nf6 5. Nc3 e5 6. Ndb5 d6 7. Nd5 Nxd5 8.
exd5 Nb8 9. c4 Be7 10. Bd3 O-O 11. O-O a6 12. Nc3 f5 13. f3 Nd7 14. Be3 b6 15.
Qc2 Nc5 16. b4 Nxd3 17. Qxd3 Qc7 18. Rfd1 Rd8 19. Rac1 Rb8 20. Kh1 g6 21. Qe2
Kg7 22. a3 Qa7 23. c5 bxc5 24. bxc5 dxc5 25. Na4 Rb5 26. d6 Rxd6 27. Rxd6 Bxd6
28. Bxc5 Qe7 29. Bxd6 Qxd6 30. Qc2 Be6 31. Nc5 Bf7 32. a4 Rb4 33. Qc3 Rd4 34.
h3 Rd1+ 35. Rxd1 Qxd1+ 36. Kh2 Qd4 37. Qxd4 exd4 38. Kg3 Bc4 39. Kf2 Kf7 40.
Nd7 Ke7 41. Ne5 Bd5 42. f4 Kd6 43. g3 Be4 44. Ke2 Kc5 45. Nd7+ Kb4 46. Nf6 Kc3
47. Nxe4+ fxe4 48. g4 d3+ 49. Kd1 e3 50. f5 gxf5 51. gxf5 e2+ 52. Ke1 Kc2 53.
f6 d2+ 54. Kxe2 d1=Q+ 55. Ke3 Qf1 0-1

[Event "USCL Week 7"]
[Site "Internet Chess Club"]
[Date "2014.10.07"]
[Round "?"]
[White "Maldonado, Oscar"]
[Black "Chase, Christopher"]
[Result "1-0"]
[WhiteElo "2209"]
[BlackElo "2411"]
[PlyCount "51"]
[EventDate "2014.??.??"]

1. e4 g6 2. d4 Bg7 3. Nc3 d6 4. Be3 a6 5. Qd2 Nd7 6. g3 e5 7. Bg2 h6 8. dxe5
Nxe5 9. b3 Ne7 10. h3 f5 11. f4 N5c6 12. Rd1 fxe4 13. Nxe4 Nf5 14. Bf2 O-O 15.
Ne2 Re8 16. O-O Be6 17. c4 a5 18. a4 Bf7 19. Rfe1 Kh8 20. Nc1 Nfd4 21. Nc3 Be6
22. Nb5 Nxb5 23. axb5 Nb4 24. Bd4 Rb8 25. f5 Bxf5 26. Qxh6+ 1-0

[Event "USCL Week 7"]
[Site "Internet Chess Club"]
[Date "2014.10.07"]
[Round "?"]
[White "Miramontes, Robert"]
[Black "Volkov, Dmitriy"]
[Result "1/2-1/2"]
[WhiteElo "2221"]
[BlackElo "2371"]
[PlyCount "75"]
[EventDate "2014.??.??"]

1. d4 Nf6 2. Nf3 g6 3. g3 Bg7 4. Bg2 d6 5. c4 O-O 6. O-O Nc6 7. Nc3 a6 8. Nd5
Nh5 9. Be3 Rb8 10. Rc1 e6 11. Nc3 Ne7 12. Qd3 h6 13. g4 Nf6 14. h3 b5 15. cxb5
axb5 16. b4 Bb7 17. Ne1 Qd7 18. Bd2 Bxg2 19. Nxg2 Nfd5 20. Nxd5 Nxd5 21. e4 Nb6
22. Ne3 d5 23. e5 Nc4 24. a3 Ra8 25. Rc3 Qe7 26. Bc1 f5 27. gxf5 gxf5 28. Ng2
Kh7 29. Qf3 Rg8 30. Qh5 Qe8 31. Qh4 Bf8 32. Kh1 Qf7 33. Rg1 Qe7 34. Qh5 Qe8 35.
Qh4 Qe7 36. Qh5 Qe8 37. Qh4 Qe7 38. Qh5 1/2-1/2

[Event "USCL Week 7"]
[Site "Internet Chess Club"]
[Date "2014.10.07"]
[Round "?"]
[White "Stukopin, Andrey"]
[Black "Stripunsky, Alex"]
[Result "1-0"]
[WhiteElo "2631"]
[BlackElo "2656"]
[PlyCount "83"]
[EventDate "2014.??.??"]

1. e4 c5 2. Nf3 e6 3. d4 cxd4 4. Nxd4 a6 5. Be2 b5 6. O-O Bb7 7. Bf3 Qc7 8. a4
b4 9. Re1 Nc6 10. Nxc6 Bxc6 11. Nd2 Ne7 12. Nc4 Ng6 13. e5 Rc8 14. b3 Be7 15.
Bb2 O-O 16. Bxc6 Qxc6 17. g3 f6 18. exf6 Bxf6 19. Bxf6 Rxf6 20. Nd6 Nh4 21.
gxh4 Rg6+ 22. Kf1 Qg2+ 23. Ke2 Rc5 24. Qd4 Rd5 25. Qxb4 Rf6 26. Ne4 Qf3+ 27.
Kf1 Qh1+ 28. Ke2 Qf3+ 29. Kf1 Rf4 30. Qb8+ Rf8 31. Qg3 Qh1+ 32. Qg1 Qf3 33. Qg2
Qh5 34. Ng3 Qxh4 35. Rad1 Rxd1 36. Rxd1 d5 37. Kg1 Qg4 38. Re1 Rf6 39. c4 dxc4
40. bxc4 Qxc4 41. Qa8+ Rf8 42. Qe4 1-0

[Event "USCL Week 7"]
[Site "Internet Chess Club"]
[Date "2014.10.07"]
[Round "?"]
[White "Brattain, Mika"]
[Black "Martinez, Marcel"]
[Result "0-1"]
[WhiteElo "2453"]
[BlackElo "2474"]
[PlyCount "68"]
[EventDate "2014.??.??"]

1. Nf3 Nf6 2. c4 g6 3. Nc3 Bg7 4. e4 d6 5. d4 O-O 6. Be2 e5 7. O-O Na6 8. Re1
Bg4 9. Be3 c6 10. d5 Bd7 11. Nd2 c5 12. a3 Kh8 13. Rb1 Ng8 14. f3 Bh6 15. Bf2
f5 16. Bd3 Nf6 17. b4 b6 18. Nb5 Qe7 19. exf5 gxf5 20. Bh4 Rg8 21. Nf1 Qf8 22.
Ng3 Bg5 23. Bxg5 Rxg5 24. Qd2 f4 25. Nc3 Qh6 26. Nce4 Nxe4 27. Nxe4 Rh5 28.
bxc5 Rxh2 29. cxd6 Qh4 30. Nf2 Rg8 31. Bf1 Bh3 32. Qb2 Rgxg2+ 33. Bxg2 Rxg2+
34. Kh1 Rh2+ 0-1

[Event "USCL Week 7"]
[Site "Internet Chess Club"]
[Date "2014.10.07"]
[Round "?"]
[White "Becerra, Julio"]
[Black "Vigorito, David"]
[Result "1-0"]
[WhiteElo "2626"]
[BlackElo "2519"]
[PlyCount "75"]
[EventDate "2014.??.??"]

1. c4 g6 2. Nc3 Bg7 3. g3 c5 4. Bg2 Nc6 5. a3 d6 6. e3 Bxc3 7. bxc3 Qd7 8. d3
b6 9. e4 Bb7 10. Ne2 e6 11. O-O O-O-O 12. a4 h6 13. Be3 Nge7 14. Nc1 Na5 15. f3
f5 16. h4 Rdf8 17. Nb3 Nec6 18. Nd2 Kb8 19. Qe2 Qg7 20. Rac1 g5 21. f4 gxh4 22.
gxh4 Rhg8 23. Qf2 Qf6 24. Kh2 Rg4 25. Bh3 Rxh4 26. Rg1 e5 27. Rcf1 Bc8 28. Rg3
exf4 29. Bxf4 Ne5 30. Kg1 Nac6 31. exf5 Rxh3 32. Rxh3 Bxf5 33. Rg3 Kb7 34. Qe2
Qh4 35. Bxe5 Nxe5 36. Qg2+ Ka6 37. Rg7 d5 38. Qxd5 1-0

[Event "USCL Week 7"]
[Site "Internet Chess Club"]
[Date "2014.10.07"]
[Round "?"]
[White "Rubenchik, Rodion"]
[Black "Gurevich, Daniel"]
[Result "0-1"]
[WhiteElo "2329"]
[BlackElo "2393"]
[PlyCount "110"]
[EventDate "2014.??.??"]

1. d4 Nf6 2. Nf3 e6 3. g3 b6 4. Bg2 Bb7 5. c4 Bb4+ 6. Bd2 Qe7 7. O-O Bxd2 8.
Qxd2 O-O 9. Nc3 d6 10. d5 e5 11. e4 a5 12. Nh4 Bc8 13. Rae1 Na6 14. f4 Nc5 15.
fxe5 dxe5 16. Nf5 Bxf5 17. exf5 Rad8 18. Qe2 Rfe8 19. Rf3 Nb7 20. Re3 Nd6 21.
b3 Nd7 22. Rf1 f6 23. h4 Nc5 24. g4 e4 25. Qf2 Qe5 26. Ne2 Nd3 27. Qg3 Qb2 28.
Nf4 Nxf4 29. Qxf4 Re5 30. Rf2 Qd4 31. a4 Rde8 32. Bh3 Kf7 33. Rfe2 Ke7 34. Kh2
Kd8 35. g5 Kc8 36. gxf6 gxf6 37. Qh6 R5e7 38. Qf4 Rg8 39. Rg2 Rxg2+ 40. Bxg2
Kb8 41. h5 Re5 42. Bh3 Qd2+ 43. Kg3 Rxf5 44. Bxf5 Qxe3+ 45. Qxe3 Nxf5+ 46. Kf4
Nxe3 47. Kxe4 Nf1 48. h6 Kc8 49. Kf5 Kd7 50. Kxf6 Nd2 51. Kg7 Ke7 52. Kxh7 Kf7
53. Kh8 Nf3 54. Kh7 Ng5+ 55. Kh8 Kf8 0-1

[Event "USCL Week 7"]
[Site "Internet Chess Club"]
[Date "2014.10.07"]
[Round "?"]
[White "Ramachandran, Karthik"]
[Black "Wang, Qibiao"]
[Result "1/2-1/2"]
[WhiteElo "2257"]
[BlackElo "2320"]
[PlyCount "67"]
[EventDate "2014.??.??"]

1. d4 Nf6 2. c4 g6 3. g3 Bg7 4. Bg2 O-O 5. Nc3 d6 6. Nf3 Nc6 7. O-O a6 8. Qd3
Bg4 9. d5 Bxf3 10. exf3 Ne5 11. Qe2 c5 12. Re1 Re8 13. f4 Ned7 14. Bd2 Rb8 15.
Qd3 b5 16. cxb5 axb5 17. Nxb5 Nb6 18. Nc3 c4 19. Qc2 Nfd7 20. Be3 Qc7 21. Nb5
Qb7 22. a4 Rec8 23. Bd4 Nxa4 24. Rxa4 Qxb5 25. Bxg7 Kxg7 26. Rxe7 Qxb2 27.
Qxb2+ Rxb2 28. Rxd7 Rb1+ 29. Bf1 c3 30. Raa7 c2 31. Rxf7+ Kg8 32. Rg7+ Kf8 33.
Raf7+ Ke8 34. Re7+ 1/2-1/2

[Event "USCL Week 7"]
[Site "Internet Chess Club"]
[Date "2014.10.07"]
[Round "?"]
[White "Liu, Andrew"]
[Black "Salisbury, John"]
[Result "1-0"]
[WhiteElo "2284"]
[BlackElo "1998"]
[PlyCount "69"]
[EventDate "2014.??.??"]

1. d4 Nf6 2. c4 g6 3. Nc3 Bg7 4. e4 d6 5. f3 O-O 6. Be3 e5 7. d5 Nh5 8. Qd2 f5
9. O-O-O Nd7 10. Kb1 a6 11. Nge2 Ndf6 12. exf5 gxf5 13. Nc1 Kh8 14. Be2 Bd7 15.
a3 b5 16. cxb5 axb5 17. Rhe1 Qb8 18. N1a2 Nf4 19. Bf1 N4h5 20. Nb4 Qb7 21. Bd3
Ra5 22. Bc2 Rfa8 23. h3 Ng3 24. Bf2 Nfh5 25. Ne2 Nxe2 26. Qxe2 Nf4 27. Qf1 Ng6
28. h4 e4 29. fxe4 Ne5 30. Bd4 fxe4 31. Rxe4 Rf8 32. Rf4 Raa8 33. Bxe5 dxe5 34.
Qd3 e4 35. Qxe4 1-0

[Event "USCL Week 7"]
[Site "Internet Chess Club"]
[Date "2014.10.07"]
[Round "?"]
[White "Dehmelt, Karl"]
[Black "Francisco, Richard"]
[Result "0-1"]
[WhiteElo "2255"]
[BlackElo "2382"]
[PlyCount "100"]
[EventDate "2014.??.??"]

1. e4 e5 2. Nf3 Nc6 3. Bc4 Nf6 4. Nc3 Nxe4 5. Nxe4 d5 6. Bxd5 Qxd5 7. Nc3 Qd8
8. h3 f5 9. d3 Be7 10. Qe2 Bf6 11. Be3 O-O 12. Bc5 Re8 13. O-O b6 14. Be3 Ba6
15. Qd1 e4 16. Nd2 Bxc3 17. bxc3 Qf6 18. c4 Rad8 19. Qc1 Bb7 20. Nb3 exd3 21.
Bg5 d2 22. Bxd2 Qg6 23. f3 Ne5 24. Kf2 h6 25. Re1 Nxc4 26. Rxe8+ Qxe8 27. Bf4
Qd7 28. Qe1 g5 29. Qc3 Qf7 30. Be5 Nxe5 31. Qxe5 Re8 32. Qc3 Qd7 33. Re1 Rxe1
34. Kxe1 Qe6+ 35. Kf2 c5 36. a3 Ba6 37. Qd2 Kf7 38. Nc1 f4 39. Nd3 Bb5 40. Qc3
Qe3+ 41. Kf1 Qd4 42. Qb3+ Bc4 43. Qb1 Qe3 44. Qd1 b5 45. Qb1 a5 46. Qd1 b4 47.
axb4 axb4 48. Qa1 Bxd3+ 49. cxd3 Qxd3+ 50. Ke1 Qc3+ 0-1

[Event "USCL Week 7"]
[Site "Internet Chess Club"]
[Date "2014.10.07"]
[Round "?"]
[White "Aaron, Deepak"]
[Black "Minear, Peter"]
[Result "1-0"]
[WhiteElo "2446"]
[BlackElo "2365"]
[PlyCount "113"]
[EventDate "2014.??.??"]

1. e4 e5 2. Nf3 Nc6 3. Bc4 Nf6 4. d3 Be7 5. c3 O-O 6. Bb3 d6 7. Nbd2 Kh8 8. Nf1
d5 9. Qe2 Na5 10. Bxd5 Nxd5 11. exd5 Qxd5 12. Qxe5 Qxe5+ 13. Nxe5 c5 14. Ng3
Be6 15. f4 Rad8 16. Ke2 g6 17. Be3 f6 18. Nf3 Rd7 19. b3 Rfd8 20. Rhd1 Nc6 21.
Rd2 Kg7 22. Rad1 b6 23. h3 Kf7 24. Ne4 Bf8 25. g4 Bg7 26. c4 h6 27. d4 cxd4 28.
Nxd4 Nxd4+ 29. Rxd4 Rxd4 30. Rxd4 Rh8 31. f5 gxf5 32. gxf5 Bxf5 33. Nd6+ Ke6
34. Nxf5 Kxf5 35. Rd7 Kg6 36. Rxa7 Re8 37. Kf3 Re5 38. Bxb6 Rh5 39. Kg2 Rg5+
40. Kf1 Rh5 41. c5 Bf8 42. c6 Bd6 43. c7 Bxc7 44. Bxc7 Rxh3 45. b4 Kf5 46. Kg2
Rc3 47. Bg3 Rc2+ 48. Bf2 Rb2 49. Ra5+ Kg4 50. b5 f5 51. b6 f4 52. Ra3 h5 53.
Rb3 Rxa2 54. b7 f3+ 55. Kf1 Ra1+ 56. Be1 f2 57. Kxf2 1-0

[Event "USCL Week 7"]
[Site "Internet Chess Club"]
[Date "2014.10.07"]
[Round "?"]
[White "Jacobson, Aaron"]
[Black "Guerrero, Alejandra"]
[Result "1-0"]
[WhiteElo "2139"]
[BlackElo "2110"]
[PlyCount "57"]
[EventDate "2014.??.??"]

1. e4 e6 2. d4 d5 3. Nd2 c5 4. exd5 Qxd5 5. Ngf3 cxd4 6. Bc4 Qd6 7. O-O Nf6 8.
Nb3 Nc6 9. Nbxd4 Nxd4 10. Nxd4 a6 11. Re1 Be7 12. c3 O-O 13. Qf3 Qc5 14. Bb3
Bd6 15. h3 e5 16. Ne2 e4 17. Qe3 Qe5 18. Ng3 Bd7 19. Qe2 Rae8 20. Be3 Bc6 21.
Rad1 Bc5 22. Rd2 Bb5 23. Qd1 h5 24. Nxh5 Bxe3 25. Nxf6+ Qxf6 26. Rxe3 Bc6 27.
Rd6 Qh4 28. Qd4 Rd8 29. Rg3 1-0

[Event "USCL Week 7"]
[Site "Internet Chess Club"]
[Date "2014.10.07"]
[Round "?"]
[White "Benjamin, Joel"]
[Black "Hernandez, Holden"]
[Result "1-0"]
[WhiteElo "2634"]
[BlackElo "2582"]
[PlyCount "71"]
[EventDate "2014.??.??"]

1. Nf3 Nf6 2. c4 b6 3. g3 Bb7 4. Bg2 e6 5. d4 Be7 6. O-O O-O 7. d5 exd5 8. Nh4
c6 9. cxd5 Nxd5 10. Nf5 Nc7 11. Nc3 d5 12. e4 Nba6 13. exd5 cxd5 14. Nxd5 Nxd5
15. Bxd5 Bxd5 16. Qxd5 Bf6 17. Qf3 Nc5 18. Rd1 Qc7 19. Nh6+ Kh8 20. Ng4 Be7 21.
Bf4 Qc8 22. Rac1 Qa6 23. a3 Qb5 24. b4 Ne6 25. Rd5 Qe8 26. Be3 Rc8 27. Rdd1 f6
28. Qf5 Rc6 29. h4 Qc8 30. h5 Rxc1 31. Bxc1 Rd8 32. Re1 Rd6 33. Bf4 Qc3 34.
Rxe6 Rd1+ 35. Kg2 Qa1 36. Re1 1-0

[Event "USCL Week 7"]
[Site "Internet Chess Club"]
[Date "2014.10.07"]
[Round "?"]
[White "Kumar, Aravind"]
[Black "Vaidya, Atulya"]
[Result "1/2-1/2"]
[WhiteElo "2201"]
[BlackElo "2165"]
[PlyCount "95"]
[EventDate "2014.??.??"]

1. d4 Nf6 2. c4 g6 3. Nc3 Bg7 4. e4 d6 5. Nf3 O-O 6. Be2 e5 7. O-O Nc6 8. d5
Ne7 9. Ne1 Nd7 10. Nd3 f5 11. Bd2 Nf6 12. f3 f4 13. c5 g5 14. cxd6 cxd6 15. Nf2
h5 16. a4 Ng6 17. h3 Rf7 18. Nb5 Bf8 19. Rc1 Nh4 20. Qc2 Bd7 21. Qc7 Rc8 22.
Qxd8 Rxd8 23. Ba5 Rb8 24. Bc7 Bxb5 25. Bxb5 Ra8 26. Ba5 a6 27. Be2 Ne8 28. Nd3
Be7 29. Bd2 Bd8 30. Rc2 Nf6 31. Bb4 Bb6+ 32. Kh2 Rd7 33. Rfc1 Kg7 34. Rc8 Rxc8
35. Rxc8 g4 36. Rc4 g3+ 37. Kh1 a5 38. Bd2 Nh7 39. Bc3 Kh6 40. Bf1 Ng5 41. Rc8
Rg7 42. Rh8+ Rh7 43. Rg8 Rc7 44. Rh8+ Kg6 45. Rg8+ Kh6 46. Rh8+ Kg6 47. Rg8+
Kh6 48. Rh8+ 1/2-1/2

[Event "USCL Week 7"]
[Site "Internet Chess Club"]
[Date "2014.10.07"]
[Round "?"]
[White "So, Wesley"]
[Black "Zierk, Steven"]
[Result "1-0"]
[WhiteElo "2751"]
[BlackElo "2543"]
[PlyCount "87"]
[EventDate "2014.??.??"]

1. Nf3 c5 2. c4 Nc6 3. Nc3 g6 4. g3 Bg7 5. Bg2 e6 6. d3 Nge7 7. Bd2 d5 8. Qc1
O-O 9. h4 h5 10. Bh6 b6 11. a3 dxc4 12. dxc4 Bb7 13. Bxg7 Kxg7 14. O-O Nf5 15.
b4 Qe7 16. bxc5 bxc5 17. Rb1 Rab8 18. e3 Na5 19. Na4 Bxf3 20. Rxb8 Rxb8 21.
Bxf3 Qc7 22. Qc3+ Kg8 23. Rd1 Nc6 24. Bxc6 Qxc6 25. Qe5 Rc8 26. Nxc5 Qc7 27.
Nd7 Qxe5 28. Nxe5 Rc5 29. f4 Nxe3 30. Rd8+ Kg7 31. Rd7 Nxc4 32. Nxf7 Kf6 33.
Ng5 Kf5 34. Kg2 Rd5 35. Rc7 Nd6 36. Rxa7 Kg4 37. Nf3 Nc4 38. Nh2+ Kf5 39. Rc7
Rd2+ 40. Kh3 Ne3 41. Nf3 Rf2 42. Ng5 Ng4 43. Rf7+ Nf6 44. Rxf6+ 1-0

[Event "USCL Week 7"]
[Site "Internet Chess Club"]
[Date "2014.10.07"]
[Round "?"]
[White "Krasik, Ilya"]
[Black "Finegold, Spencer"]
[Result "0-1"]
[WhiteElo "2264"]
[BlackElo "2187"]
[PlyCount "108"]
[EventDate "2014.??.??"]

1. d4 Nf6 2. Bg5 d5 3. Nd2 c5 4. dxc5 e6 5. b4 a5 6. a3 b6 7. cxb6 Qxb6 8. c3
Ba6 9. Ngf3 Nbd7 10. e3 Bxf1 11. Rxf1 Bd6 12. Bxf6 gxf6 13. Nd4 axb4 14. cxb4
O-O 15. f4 f5 16. Rf3 Nf6 17. Kf1 Ng4 18. Rg3 Kh8 19. N2b3 Nxh2+ 20. Kg1 Ng4
21. Rxg4 fxg4 22. Qxg4 Rg8 23. Qh5 Rg7 24. Rc1 Rag8 25. Kh1 Qd8 26. Nf3 Rxg2
27. Nbd4 Qf8 28. Rc6 R2g6 29. Ng5 R8g7 30. Nb5 Be7 31. Na7 Bxg5 32. fxg5 Rxg5
33. Qh4 Rg1+ 34. Kh2 R1g2+ 35. Kh1 Rg1+ 36. Kh2 Qb8+ 37. Qf4 R1g2+ 38. Kh1 Rg1+
39. Kh2 R1g2+ 40. Kh1 Qxf4 41. exf4 Rg1+ 42. Kh2 R7g2+ 43. Kh3 Rg3+ 44. Kh2
R1g2+ 45. Kh1 Ra2 46. Nb5 Rf3 47. Rc1 Rxf4 48. Kg1 Rg4+ 49. Kf1 h5 50. Rc7 Rf4+
51. Kg1 h4 52. Nd6 Kg7 53. b5 h3 54. Rc2 Rxc2 0-1

[Event "USCL Week 7"]
[Site "Internet Chess Club"]
[Date "2014.10.07"]
[Round "?"]
[White "Studen, Damir"]
[Black "Costigan, Richard"]
[Result "1/2-1/2"]
[WhiteElo "2372"]
[BlackElo "2288"]
[PlyCount "194"]
[EventDate "2014.??.??"]

1. d4 Nf6 2. c4 c5 3. Nf3 cxd4 4. Nxd4 Nc6 5. Nc3 e6 6. Ndb5 d6 7. e4 a6 8. Nd4
d5 9. cxd5 exd5 10. Qa4 Bd7 11. exd5 Nb4 12. Qb3 Qa5 13. Bd2 Rc8 14. Be2 Bd6
15. O-O O-O 16. Bf3 Qc5 17. Be3 Qc4 18. Qxc4 Rxc4 19. a3 Nd3 20. Be2 Nxb2 21.
Bxc4 Nxc4 22. a4 Ng4 23. Rfb1 Bc8 24. Nd1 Bxh2+ 25. Kh1 Bd6 26. Rc1 Nce5 27.
Bf4 Re8 28. f3 Nf6 29. Ne3 Nxf3 30. Bxd6 Nxd4 31. Re1 Bd7 32. a5 h6 33. Nc4 Ne4
34. Ra2 Nf2+ 35. Rxf2 Rxe1+ 36. Kh2 Nf5 37. Bb8 Re8 38. Bg3 Nxg3 39. Kxg3 Bb5
40. Nb6 Re3+ 41. Kf4 Ra3 42. Ke5 Rxa5 43. Kd6 Ra3 44. Kc7 Rd3 45. Kxb7 a5 46.
Rb2 Be8 47. Kc7 a4 48. d6 a3 49. Ra2 Rc3+ 50. Kb8 Rb3 51. Kc7 Rc3+ 52. Kd8 Bb5
53. Nd5 Rd3 54. Ne7+ Kh7 55. Kc7 Bc4 56. Ra1 Be6 57. Nc6 a2 58. Ne5 Rc3+ 59.
Nc6 Rc2 60. d7 Bxd7 61. Kxd7 Rxg2 62. Ke7 f6 63. Nb4 Rg4 64. Nc2 Ra4 65. Kf7 f5
66. Rg1 g5 67. Kf6 f4 68. Rd1 Ra7 69. Kf5 Rf7+ 70. Kg4 Kg6 71. Nb4 h5+ 72. Kf3
Rb7 73. Rd6+ Kf5 74. Nxa2 Rb3+ 75. Ke2 f3+ 76. Kf2 Rb2+ 77. Kxf3 g4+ 78. Kg3
Rxa2 79. Rd5+ Kg6 80. Rd6+ Kg7 81. Rd5 Ra3+ 82. Kf4 Kg6 83. Rd6+ Kf7 84. Rh6
Rf3+ 85. Ke4 Rh3 86. Kf4 g3 87. Kf3 h4 88. Kg2 Rh2+ 89. Kg1 Kg7 90. Ra6 Rb2 91.
Ra4 Rh2 92. Ra6 Kf7 93. Rh6 h3 94. Rh4 Kf6 95. Rg4 Rg2+ 96. Kh1 Kf5 97. Rf4+
Kxf4 1/2-1/2

[Event "USCL Week 7"]
[Site "Internet Chess Club"]
[Date "2014.10.07"]
[Round "?"]
[White "Larson, Matthew"]
[Black "Martirosov, Vadim"]
[Result "1/2-1/2"]
[WhiteElo "2251"]
[BlackElo "2381"]
[PlyCount "146"]
[EventDate "2014.??.??"]

1. d4 Nf6 2. c4 e6 3. g3 d5 4. Nf3 Bb4+ 5. Bd2 Be7 6. Bg2 O-O 7. O-O c6 8. Qc2
b6 9. Bf4 Bb7 10. Rd1 Nbd7 11. Nc3 dxc4 12. Nd2 Nd5 13. Nxc4 Nxf4 14. gxf4 Qc7
15. e3 Rad8 16. Rac1 c5 17. d5 exd5 18. Nxd5 Bxd5 19. Rxd5 b5 20. Ne5 Nxe5 21.
Rxe5 Bf6 22. Rxc5 Qa5 23. Rd5 Qxa2 24. Rxb5 a6 25. Rb7 Bh4 26. Rd1 g6 27. Rbd7
Rc8 28. Qe2 Rb8 29. R7d2 Qe6 30. Bd5 Qh3 31. Bg2 Qe6 32. e4 Qf6 33. f5 Bg5 34.
Rc2 Bf4 35. fxg6 hxg6 36. Rd3 Kg7 37. h3 Rfc8 38. b3 Qa1+ 39. Bf1 Rd8 40. Rf3
Qe5 41. Rfc3 Rb4 42. Rc5 Qa1 43. Qf3 Rd1 44. Qc3+ Rbd4 45. Qxa1 Rxa1 46. Kg2
Rxe4 47. R2c4 Rxc4 48. Rxc4 Be5 49. Ra4 Rb1 50. Rxa6 Rb2 51. Ra4 Rxb3 52. Ra2
f5 53. Be2 Kh6 54. Bf3 Bd4 55. Rd2 Bb6 56. Rc2 Kg5 57. Ra2 Rb4 58. Rc2 Kh4 59.
Re2 Rb3 60. Re8 Rb2 61. Re2 Rb4 62. Rc2 Rb3 63. Re2 Kg5 64. Ra2 Bd4 65. Rd2 Bc5
66. Bd5 Rc3 67. Ra2 Kf4 68. Ba8 g5 69. Ra4+ Ke5 70. Ra2 Kf4 71. Ra4+ Ke5 72.
Ra2 Bb6 73. Bf3 Bc5 1/2-1/2

[Event "USCL Week 7"]
[Site "Internet Chess Club"]
[Date "2014.10.07"]
[Round "?"]
[White "Sevian, Samuel"]
[Black "Quang Liem, Le"]
[Result "1/2-1/2"]
[WhiteElo "2571"]
[BlackElo "2778"]
[PlyCount "137"]
[EventDate "2014.??.??"]

1. e4 e6 2. d4 d5 3. Nc3 Nf6 4. Bg5 dxe4 5. Nxe4 Nbd7 6. Nxf6+ Nxf6 7. Nf3 h6
8. Bh4 c5 9. Bd3 cxd4 10. Nxd4 Bc5 11. c3 Bd7 12. O-O Bxd4 13. cxd4 Bc6 14. Bc4
Qb6 15. Bxf6 gxf6 16. Qh5 Bxg2 17. Kxg2 Qc6+ 18. d5 Qxc4 19. dxe6 Qe4+ 20. f3
Qg6+ 21. Qg4 h5 22. exf7+ Kxf7 23. Qxg6+ Kxg6 24. Rfd1 Rac8 25. Rac1 Rhd8 26.
Rxd8 Rxc1 27. Rd2 Kg5 28. Kg3 Rg1+ 29. Kf2 Rb1 30. b3 b6 31. Kg3 Rg1+ 32. Kf2
Rh1 33. Kg2 Ra1 34. Kg3 h4+ 35. Kf2 f5 36. Rc2 b5 37. Re2 Kf4 38. Rd2 h3 39.
Rd4+ Ke5 40. Rb4 Rxa2+ 41. Kg3 a6 42. Kxh3 f4 43. Re4+ Kf5 44. Re8 Ra3 45. Rf8+
Ke5 46. Re8+ Kd5 47. Kg4 Rxb3 48. Ra8 Ra3 49. h4 b4 50. h5 Ra1 51. h6 b3 52. h7
Rh1 53. h8=Q Rxh8 54. Rxh8 a5 55. Rb8 a4 56. Kxf4 Kd4 57. Kg5 Kc3 58. Rc8+ Kd3
59. Rb8 Kc2 60. Rc8+ Kb2 61. f4 a3 62. f5 a2 63. Ra8 a1=Q 64. Rxa1 Kxa1 65. f6
b2 66. f7 b1=Q 67. f8=Q Qc1+ 68. Qf4 Qxf4+ 69. Kxf4 1/2-1/2

[Event "USCL Week 7"]
[Site "Internet Chess Club"]
[Date "2014.10.08"]
[Round "?"]
[White "Panchanatham, Vignesh"]
[Black "Kim, Yoon-Young"]
[Result "1-0"]
[WhiteElo "2332"]
[BlackElo "2116"]
[PlyCount "93"]
[EventDate "2014.??.??"]

1. e4 e5 2. Nf3 Nc6 3. Bb5 f5 4. d3 fxe4 5. dxe4 Nf6 6. O-O Bc5 7. Qd3 d6 8.
Qc4 Qe7 9. b4 Be6 10. Bxc6+ bxc6 11. Qa6 Bb6 12. a4 O-O 13. a5 Bd4 14. c3 Ng4
15. cxd4 Rxf3 16. Nd2 Rc3 17. h3 Nf6 18. Ra3 Bc8 19. Qe2 Rxa3 20. Bxa3 exd4 21.
Qc4+ Kh8 22. Qxc6 Rb8 23. Re1 Ne8 24. Nf3 d3 25. Qc3 Ba6 26. e5 Bb5 27. Bb2 d5
28. Nd4 a6 29. Nxb5 Rxb5 30. Qc6 h6 31. Rd1 Kh7 32. Bc3 d4 33. Qe4+ Kh8 34.
Qxd4 c5 35. bxc5 Qxc5 36. Qxd3 Rb3 37. Qg6 Rxc3 38. Qxe8+ Kh7 39. Rd8 Rc1+ 40.
Kh2 Rh1+ 41. Kg3 Qc3+ 42. f3 Qc2 43. Qg8+ Kg6 44. Rd6+ Kh5 45. Qf7+ g6 46. Qf4
Qxg2+ 47. Kxg2 1-0

[Event "USCL Week 7"]
[Site "Internet Chess Club"]
[Date "2014.10.08"]
[Round "?"]
[White "Smith, Shaun"]
[Black "Casella, Michael"]
[Result "1-0"]
[WhiteElo "2065"]
[BlackElo "2262"]
[PlyCount "59"]
[EventDate "2014.??.??"]

1. Nf3 Nf6 2. g3 g6 3. Bg2 Bg7 4. c4 d6 5. Nc3 O-O 6. O-O e5 7. d4 Nbd7 8. h3
c6 9. e4 Qb6 10. Re1 Qb4 11. Bf1 exd4 12. Nxd4 Ne5 13. a3 Qb6 14. Be3 Qc7 15.
f4 Ned7 16. Bg2 Re8 17. Qc2 Nc5 18. b4 Ne6 19. Nb3 Bd7 20. Rad1 Rad8 21. Kh2
Bc8 22. f5 Nf8 23. Qd3 N6d7 24. Rf1 Ne5 25. Qe2 gxf5 26. exf5 Nxc4 27. Qxc4
Rxe3 28. Nd5 b5 29. Qc1 Rxb3 30. Nxc7 1-0

[Event "USCL Week 7"]
[Site "Internet Chess Club"]
[Date "2014.10.08"]
[Round "?"]
[White "Golub, David"]
[Black "Jones, Craig"]
[Result "1-0"]
[WhiteElo "2270"]
[BlackElo "2232"]
[PlyCount "123"]
[EventDate "2014.??.??"]

1. Nf3 Nf6 2. c4 c5 3. Nc3 Nc6 4. d4 cxd4 5. Nxd4 d5 6. cxd5 Nxd5 7. Nxc6 bxc6
8. Bd2 e5 9. e4 Nxc3 10. Bxc3 Qxd1+ 11. Rxd1 Be6 12. Ba6 Rb8 13. Bxe5 Rb6 14.
Bd3 Bb4+ 15. Ke2 f6 16. Bd4 c5 17. Be3 c4 18. Bc2 Rb7 19. Ba4+ Kf7 20. Bc6 Re7
21. f3 Rb8 22. Bd5 Bd6 23. Bxe6+ Kxe6 24. Rxd6+ Kxd6 25. Bf4+ Re5 26. Rd1+ Ke6
27. Rd2 g5 28. Bxe5 fxe5 29. Kd1 h5 30. Kc2 g4 31. Kc3 gxf3 32. gxf3 Rc8 33.
Rg2 Kf6 34. h4 a5 35. Rg5 Rd8 36. Kxc4 Rd2 37. Rxh5 Rxb2 38. a3 a4 39. Rh6+ Kg7
40. Rh5 Rb3 41. Rf5 Rxa3 42. Kb4 Ra1 43. Rxe5 a3 44. Rf5 Kg6 45. h5+ Kg7 46.
Kb3 Kh6 47. e5 Kg7 48. f4 Kh7 49. e6 a2 50. Re5 Rb1+ 51. Kxa2 Rb8 52. e7 Re8
53. Re6 Kg7 54. h6+ Kf7 55. f5 Kg8 56. Kb3 Kh8 57. Kc4 Kg8 58. Kd5 Kh7 59. Kd6
Ra8 60. e8=Q Rd8+ 61. Ke7 Rd7+ 62. Qxd7 1-0

[Event "USCL Week 7"]
[Site "Internet Chess Club"]
[Date "2014.10.08"]
[Round "?"]
[White "Defibaugh, Jared"]
[Black "Diulger, Alexey"]
[Result "1-0"]
[WhiteElo "2325"]
[BlackElo "2421"]
[PlyCount "89"]
[EventDate "2014.??.??"]

1. e4 c6 2. d4 d5 3. e5 Bf5 4. h4 h5 5. c4 e6 6. Nc3 Ne7 7. Bg5 Nd7 8. cxd5
exd5 9. Bd3 f6 10. Bxf5 Nxf5 11. Qd3 Ne7 12. exf6 gxf6 13. Be3 Nb6 14. Nge2 Qd7
15. b3 Qf5 16. O-O-O Qxd3 17. Rxd3 Nf5 18. Kc2 Kf7 19. Bf4 Re8 20. Rf3 Bb4 21.
Be5 Kg6 22. Nf4+ Kg7 23. Nd3 Rxe5 24. dxe5 Nd4+ 25. Kd1 Nxf3 26. exf6+ Kxf6 27.
Nxb4 Ne5 28. Ne2 c5 29. Nc2 d4 30. Ng3 Ke6 31. Re1 Kd5 32. Ne4 Nbd7 33. Ng5 b5
34. f4 Nc6 35. Ne6 Rc8 36. f5 c4 37. Nf4+ Kd6 38. Re6+ Kc5 39. b4+ Nxb4 40.
Nxb4 Kxb4 41. Rd6 Nc5 42. Rxd4 Kc3 43. Rd5 b4 44. Rd2 Nd3 45. Ne2# 1-0